000 00660cam a22002293a 4500
001 27045
003 PGUSA
005 20140828083601.0
008 081026s2008||||xxu|||||s|||||000 | eng d
040 _aPGUSA
_beng
042 _adc
050 4 _aZ
100 1 _aLebert, Marie
245 1 0 _aProject Gutenberg (1971-2008)
_h[electronic resource] /
_cMarie Lebert
260 _bProject Gutenberg,
_c2008
506 _aCopyrighted. Read the copyright notice inside this book for details.
516 _aElectronic text
653 _aProject Gutenberg
830 0 _aProject Gutenberg
_v27045
856 4 0 _uhttp://www.gutenberg.org/ebooks/27045
942 _cEB
999 _c256300
_d256300